|
|
|
|
| LEADER |
00977nam a2200301 a 4500 |
| 001 |
c000326468 |
| 003 |
CARM |
| 005 |
20001006202731.0 |
| 008 |
760515s1974 nz 000 0aeng |
| 010 |
|
|
|a 75307293
|
| 015 |
|
|
|a NZ***
|
| 019 |
1 |
|
|a 749822
|5 LACONCORD2021
|
| 020 |
|
|
|a 0589008773
|
| 035 |
|
|
|a (OCoLC)1362449
|5 LACONCORD2021
|
| 040 |
|
|
|a LC
|b eng
|c LC
|d ANL
|
| 050 |
|
4 |
|a CT2888.F55
|b A33
|
| 050 |
0 |
0 |
|a CT2888.F55
|b A33
|
| 082 |
0 |
4 |
|a B
|
| 082 |
0 |
4 |
|a 993.12
|
| 100 |
1 |
|
|a Findlay, Mary.
|
| 245 |
1 |
0 |
|a Tooth and nail :
|b the story of a daughter of the depression /
|c Mary Findlay.
|
| 260 |
|
|
|a Wellington :
|b A. H. & A. W. Reed,
|c 1974.
|
| 300 |
|
|
|a 267 p. ;
|c 22 cm.
|
| 600 |
1 |
0 |
|a Findlay, Mary.
|
| 600 |
1 |
4 |
|a Findlay, Mary.
|
| 852 |
8 |
|
|b CARM
|h A1:AN03B0
|i B08445
|p 0407805
|f BK
|
| 999 |
f |
f |
|i 0235eed6-2cdd-58af-be7a-8d051f5c7d02
|s c1b81589-b68d-5478-83a9-f9604664cfc1
|
| 952 |
f |
f |
|p Can circulate
|a CAVAL
|b CAVAL
|c CAVAL
|d CARM 1 Store
|e B08445
|f A1:AN03B0
|h Other scheme
|i book
|m 0407805
|